[Event "Berlin Eckbauer op 19th"]
[Site "Berlin"]
[Date "2016.11.07"]
[Round "4"]
[White "Adam, Horst Dieter"]
[Black "Prinz, Tade"]
[Result "0-1"]
[WhiteElo "1626"]
[BlackElo "1689"]
[PlyCount "138"]
[EventDate "2016.10.10"]
[EventType "swiss"]
[EventRounds "7"]
[EventCountry "GER"]
[SourceTitle "EXT 2022"]
[Source "ChessBase"]
[SourceDate "2021.10.06"]
[SourceVersion "1"]
[SourceVersionDate "2021.10.06"]
[SourceQuality "1"]

1. d4 Nf6 2. Bf4 b6 3. c4 Bb7 4. Nc3 e6 5. e3 Bb4 6. a3 Bxc3+ 7. bxc3 Ne4 8. Qc2 0-0 9. Bd3 f5 10. Nf3 d6 11. h3 Nd7 12. Bxe4 Bxe4 13. Qe2 h6 14. 0-0 Qf6 15. Nd2 Bb7 16. a4 Qg6 17. Nf3 a5 18. Rfd1 Nf6 19. Nh4 Qf7 20. Bh2 Ne4 21. Qd3 Qh5 22. Nf3 Rac8 23. d5 e5 24. Nd2 Nc5 25. Qc2 Rf6 26. e4 f4 27. Nb3 Nxb3 28. Qxb3 Ba6 29. Rd3 Rg6 30. Kh1 Rf8 31. Qa2 f3 32. Rg1 fxg2+ 33. Rxg2 Rff6 34. Rdg3 Rxg3 35. Rxg3 Qd1+ 36. Bg1 Qf1 37. c5 Bc4 38. Qb2 dxc5 39. Rg2 Rf3 40. Kh2 Be2 41. Qd2 Rf4 42. d6 Bf3 43. Rg3 cxd6 44. Qxd6 Qc4 45. Qxe5 Rf7 46. Qb8+ Kh7 47. e5 Qe6 48. Qd6 Bd5 49. Rd3 Bc4 50. Qxe6 Bxe6 51. Rd6 Bb3 52. Rxb6 Bxa4 53. Kg3 c4 54. f4 Bc2 55. h4 a4 56. Bc5 Ra7 57. Ba3 Rd7 58. Bd6 Be4 59. Ra6 Bc2 60. e6 Rd8 61. h5 Re8 62. Kg4 Rxe6 63. f5 Rf6 64. Rc6 a3 65. Kf4 a2 66. Ra6 Rxd6 67. Rxa2 Bb3 68. Ra1 Rd3 69. Rc1 Bd1 0-1

[Event "Berlin Eckbauer op 19th"]
[Site "Berlin"]
[Date "2016.10.31"]
[Round "3"]
[White "Koenig, Frank"]
[Black "Adam, Horst Dieter"]
[Result "1-0"]
[WhiteElo "1927"]
[BlackElo "1626"]
[PlyCount "35"]
[EventDate "2016.10.10"]
[EventType "swiss"]
[EventRounds "7"]
[EventCountry "GER"]
[SourceTitle "EXT 2022"]
[Source "ChessBase"]
[SourceDate "2021.10.06"]
[SourceVersion "1"]
[SourceVersionDate "2021.10.06"]
[SourceQuality "1"]

1. e4 e6 2. d3 d5 3. Nd2 c5 4. g3 Nc6 5. Bg2 Nge7 6. Ne2 d4 7. 0-0 Ng6 8. f4 e5 9. f5 Nge7 10. g4 Bd7 11. Ng3 f6 12. g5 Qc7 13. gxf6 gxf6 14. Qh5+ Kd8 15. Qf7 b5 16. a4 Nb4 17. Qxf6 Nxc2 18. Qxh8 1-0

[Event "Berlin Eckbauer op 19th"]
[Site "Berlin"]
[Date "2016.10.17"]
[Round "2"]
[White "Stoeckel, Johannes"]
[Black "Adam, Horst Dieter"]
[Result "1-0"]
[WhiteElo "1816"]
[BlackElo "1626"]
[PlyCount "93"]
[EventDate "2016.10.10"]
[EventType "swiss"]
[EventRounds "7"]
[EventCountry "GER"]
[SourceTitle "EXT 2022"]
[Source "ChessBase"]
[SourceDate "2021.10.06"]
[SourceVersion "1"]
[SourceVersionDate "2021.10.06"]
[SourceQuality "1"]

1. b4 e6 2. Bb2 Nf6 3. b5 b6 4. Nf3 Bb7 5. e3 c5 6. c4 d6 7. Bd3 Nbd7 8. Nc3 Be7 9. Bc2 0-0 10. 0-0 Re8 11. e4 Qc7 12. Rc1 Ng4 13. h3 Nge5 14. Nxe5 Nxe5 15. Qe2 Bf6 16. Nd1 Qe7 17. f4 Nd7 18. e5 dxe5 19. fxe5 Bg5 20. Nf2 Nf8 21. Ne4 Bxe4 22. Bxe4 Rad8 23. Bc3 Bh6 24. Bc6 Nd7 25. Rf2 Rf8 26. Rcf1 f5 27. exf6 Nxf6 28. Bxf6 gxf6 29. Qg4+ Bg7 30. Re1 e5 31. Be4 Rd4 32. Qh5 Rxe4 33. Rxe4 Qf7 34. Qf3 Qe6 35. Qg4 Qxg4 36. Rxg4 h6 37. Kf1 f5 38. Rg6 Kh7 39. Rd6 Rf7 40. d3 f4 41. Ke2 Bf6 42. Kf3 Bh4 43. Re2 Re7 44. Ke4 Kg7 45. Kd5 Bf6 46. Kc6 Kf8 47. Rxf6+ 1-0

[Event "Berlin Eckbauer op 19th"]
[Site "Berlin"]
[Date "2016.10.10"]
[Round "1"]
[White "Adam, Horst Dieter"]
[Black "Bader, Arnd"]
[Result "0-1"]
[WhiteElo "1626"]
[BlackElo "1897"]
[PlyCount "27"]
[EventDate "2016.10.10"]
[EventType "swiss"]
[EventRounds "7"]
[EventCountry "GER"]
[SourceTitle "EXT 2022"]
[Source "ChessBase"]
[SourceDate "2021.10.06"]
[SourceVersion "1"]
[SourceVersionDate "2021.10.06"]
[SourceQuality "1"]

1. d4 e6 2. Bf4 f5 3. e3 Nf6 4. Nf3 Be7 5. h3 0-0 6. Bd3 Ne4 7. Nbd2 Nxd2 8. Qxd2 d6 9. c4 Nd7 10. h4 a5 11. a4 e5 12. dxe5 dxe5 13. Bxe5 Nxe5 14. Nxe5 0-1

[Event "Berlin Eckbauer op 16th"]
[Site "Berlin"]
[Date "2013.10.14"]
[Round "2"]
[White "Adam, Horst Dieter"]
[Black "Weber, Manfred"]
[Result "0-1"]
[WhiteElo "1626"]
[BlackElo "1750"]
[PlyCount "82"]
[EventDate "2013.10.07"]
[EventType "swiss"]
[EventRounds "7"]
[EventCountry "GER"]
[SourceTitle "EXT 2022"]
[Source "ChessBase"]
[SourceDate "2021.10.06"]
[SourceVersion "1"]
[SourceVersionDate "2021.10.06"]
[SourceQuality "1"]

1. d4 d5 2. Nf3 Nf6 3. Bf4 e6 4. e3 c5 5. c3 Bd6 6. Bxd6 Qxd6 7. Bd3 0-0 8. Nbd2 Nc6 9. dxc5 Qxc5 10. 0-0 e5 11. Bc2 Bg4 12. h3 Bh5 13. e4 Rad8 14. Qe2 Rfe8 15. exd5 Nxd5 16. Ne4 Qe7 17. Rfe1 Nf4 18. Qe3 Bg6 19. Rad1 f6 20. Bb3+ Kf8 21. Kh2 Bf7 22. g3 Bxb3 23. Rxd8 Rxd8 24. gxf4 exf4 25. Qxf4 Bg8 26. b3 Qd7 27. Nc5 Qc8 28. Ng5 Rd5 29. Nce4 Qf5 30. Qe3 fxg5 31. Nd6 Qe5+ 32. Qxe5 Rxe5 33. Rxe5 Nxe5 34. Nxb7 Ke7 35. Nc5 Bd5 36. Kg3 Kd6 37. Na6 Nd3 38. f3 Bb7 39. Nb4 Nxb4 40. cxb4 Ke5 41. Kf2 Kf4 0-1

[Event "Berlin Eckbauer op 14th"]
[Site "Berlin"]
[Date "2011.11.14"]
[Round "5.24"]
[White "Oginski, Ulrich"]
[Black "Adam, Horst Dieter"]
[Result "1-0"]
[WhiteElo "1882"]
[BlackElo "1388"]
[PlyCount "79"]
[EventDate "2011.10.17"]
[EventType "swiss"]
[EventRounds "7"]
[EventCountry "GER"]
[SourceTitle "EXT 2022"]
[Source "ChessBase"]
[SourceDate "2021.10.06"]
[SourceVersion "1"]
[SourceVersionDate "2021.10.06"]
[SourceQuality "1"]

1. c4 e6 2. Nf3 Nf6 3. g3 d5 4. d4 c5 5. cxd5 exd5 6. Nc3 Nc6 7. Bg2 h6 8. 0-0 Be7 9. b3 0-0 10. Bb2 Re8 11. Rc1 Bf5 12. dxc5 Bxc5 13. Na4 Be7 14. Nc5 Qb6 15. Bxf6 Bxc5 16. Bb2 Rad8 17. e3 Nb4 18. Bd4 Bxd4 19. Nxd4 Bd3 20. Re1 Bg6 21. Re2 Qa6 22. Rd2 Rc8 23. a3 Rxc1 24. Qxc1 Nd3 25. Qc7 Be4 26. Bf1 b6 27. Qc3 Rc8 28. Bxd3 Bxd3 29. Qxd3 Qxa3 30. Rc2 Rc4 31. Rxc4 dxc4 32. Qxc4 Qa1+ 33. Kg2 Qb1 34. Qc6 Qd3 35. Qe8+ Kh7 36. Qxf7 Qe4+ 37. Qf3 Qe7 38. Qf5+ g6 39. Qe6 Qb7+ 40. Nc6 1-0

[Event "Berlin Eckbauer op 14th"]
[Site "Berlin"]
[Date "2011.10.17"]
[Round "1.20"]
[White "Adam, Horst Dieter"]
[Black "Batzaya, Ayush"]
[Result "0-1"]
[WhiteElo "1388"]
[BlackElo "1936"]
[PlyCount "76"]
[EventDate "2011.10.17"]
[EventType "swiss"]
[EventRounds "7"]
[EventCountry "GER"]
[SourceTitle "EXT 2022"]
[Source "ChessBase"]
[SourceDate "2021.10.06"]
[SourceVersion "1"]
[SourceVersionDate "2021.10.06"]
[SourceQuality "1"]

1. d4 g6 2. Nf3 Bg7 3. Bf4 c5 4. e3 Qb6 5. Nc3 Qxb2 6. Na4 Qb4+ 7. c3 Qa5 8. Qb3 cxd4 9. exd4 Nc6 10. Bc4 e6 11. 0-0 Nge7 12. Rfe1 Qf5 13. Be5 0-0 14. Rad1 Bxe5 15. Nxe5 d6 16. Bd3 Qh5 17. Nf3 Nd5 18. Re4 g5 19. c4 Nf6 20. Ree1 g4 21. d5 Na5 22. Qb4 gxf3 23. Qxa5 Ng4 24. h3 fxg2 25. Kxg2 Ne5 26. Be2 Qg5+ 27. Kh1 Qh4 28. Rg1+ Kh8 29. Kh2 exd5 30. Qc3 Qxf2+ 31. Rg2 Qf4+ 32. Rg3 Rg8 33. Rf1 Qxg3+ 34. Qxg3 Rxg3 35. Kxg3 Bd7 36. Nc3 Rg8+ 37. Kh2 dxc4 38. Rd1 Bc6 0-1

[Event "Berlin Eckbauer op 13th"]
[Site "Berlin"]
[Date "2010.10.04"]
[Round "4.28"]
[White "Wuesthoff, Ralf"]
[Black "Adam, Horst Dieter"]
[Result "1-0"]
[WhiteElo "1617"]
[BlackElo "1373"]
[PlyCount "127"]
[EventDate "2010.09.13"]
[EventType "swiss"]
[EventRounds "7"]
[EventCountry "GER"]
[SourceTitle "EXT 2022"]
[Source "ChessBase"]
[SourceDate "2021.10.06"]
[SourceVersion "1"]
[SourceVersionDate "2021.10.06"]
[SourceQuality "1"]

1. d4 e6 2. Nf3 Nf6 3. e3 d5 4. Bd3 Bd6 5. Nbd2 b6 6. e4 dxe4 7. Nxe4 Nxe4 8. Bxe4 c6 9. 0-0 Bb7 10. Re1 Qc7 11. c3 Nd7 12. Bg5 h6 13. Bh4 g5 14. Bg3 Nf6 15. Be5 Bxe5 16. Nxe5 Nxe4 17. Rxe4 c5 18. Re3 0-0-0 19. b4 c4 20. a4 f6 21. Ng4 Qf7 22. f3 h5 23. Nf2 e5 24. Qc2 exd4 25. cxd4 Rxd4 26. Rae1 Rd7 27. Qf5 Kb8 28. Re6 Rf8 29. a5 Bd5 30. Rxf6 Qxf6 31. Qxd7 Rd8 32. Qe7 Qxe7 33. Rxe7 b5 34. Kf1 a6 35. Ke2 Rd6 36. Nd1 Kc8 37. Ne3 Bb7 38. Nf5 Rd5 39. Ne3 Rd3 40. Nf5 g4 41. Re3 gxf3+ 42. gxf3 Rd7 43. Re8+ Kc7 44. Re7 Rxe7+ 45. Nxe7 c3 46. f4 Be4 47. Ng8 Kd6 48. Nf6 Bg6 49. f5 Bf7 50. Kd3 Ke5 51. Nd7+ Kxf5 52. Nc5 Bc4+ 53. Kxc3 Ke5 54. Nxa6 Kd6 55. Kd4 Bd5 56. Nc5 Ba8 57. Ne4+ Ke6 58. Ng3 Bf3 59. Kc5 h4 60. Nf1 Be2 61. Nd2 Kd7 62. Nb3 Kc7 63. Nd4 Bc4 64. Nxb5+ 1-0

[Event "Berlin Eckbauer op 12th"]
[Site "Berlin"]
[Date "2009.11.03"]
[Round "7.27"]
[White "Adam, Horst Dieter"]
[Black "Radloff, Rainer"]
[Result "1/2-1/2"]
[WhiteElo "1394"]
[BlackElo "1681"]
[PlyCount "63"]
[EventDate "2009.09.14"]
[EventType "swiss"]
[EventRounds "7"]
[EventCountry "GER"]
[SourceTitle "EXT 2022"]
[Source "ChessBase"]
[SourceDate "2021.10.06"]
[SourceVersion "1"]
[SourceVersionDate "2021.10.06"]
[SourceQuality "1"]

1. d4 d5 2. Nf3 Nf6 3. Bf4 e6 4. e3 Bd6 5. Bg3 0-0 6. Bd3 b6 7. Nbd2 Ba6 8. c4 dxc4 9. Nxc4 Bxg3 10. hxg3 Bb7 11. Qc2 g6 12. Nce5 Bxf3 13. gxf3 Qe8 14. Qxc7 Nbd7 15. Bb5 Qe7 16. Nc6 Qe8 17. Qd6 a6 18. Ne7+ Kg7 19. Bc6 Qb8 20. Qb4 Ra7 21. Bxd7 Rxd7 22. Nc6 Qb7 23. Ne5 Rc7 24. 0-0 Nd7 25. Qd6 Rfc8 26. Nxd7 Rxd7 27. Qf4 Rc2 28. b3 Rdc7 29. Qe4 Qxe4 30. fxe4 Kf6 31. f4 R7c3 32. Rf2 1/2-1/2

[Event "Berlin Eckbauer op 12th"]
[Site "Berlin"]
[Date "2009.10.05"]
[Round "4.21"]
[White "Ruether, Marc"]
[Black "Adam, Horst Dieter"]
[Result "0-1"]
[WhiteElo "1585"]
[BlackElo "1394"]
[PlyCount "110"]
[EventDate "2009.09.14"]
[EventType "swiss"]
[EventRounds "7"]
[EventCountry "GER"]
[SourceTitle "EXT 2022"]
[Source "ChessBase"]
[SourceDate "2021.10.06"]
[SourceVersion "1"]
[SourceVersionDate "2021.10.06"]
[SourceQuality "1"]

1. e4 e6 2. d4 d5 3. Nd2 a6 4. Ngf3 c5 5. exd5 exd5 6. dxc5 Bxc5 7. Bd3 Ne7 8. 0-0 Bf5 9. Bxf5 Nxf5 10. Re1+ Ne7 11. Nb3 Bb6 12. Be3 Nbc6 13. Bxb6 Qxb6 14. Nfd4 0-0 15. c3 Rad8 16. Qc2 Ng6 17. Rad1 Nce5 18. Nd2 Rfe8 19. N2f3 Qf6 20. Nxe5 Rxe5 21. Rxe5 Nxe5 22. a4 Qd6 23. h3 Qb6 24. Re1 Nc6 25. Qb3 Qc7 26. Rd1 Na5 27. Qc2 Nc6 28. Qf5 Ne7 29. Qf3 Rd6 30. Re1 Qd7 31. Qe3 Kf8 32. Qd3 g6 33. Nf3 Re6 34. Rd1 Qxa4 35. Ng5 Rd6 36. Qf3 f5 37. Nxh7+ Kg7 38. Ng5 Qc2 39. Re1 Nc6 40. Re2 Qc1+ 41. Kh2 Qxg5 42. Qd3 Qf6 43. Re3 Ne5 44. Qc2 Nc6 45. f4 d4 46. cxd4 Qxd4 47. Re7+ Kf6 48. Rxb7 Qxf4+ 49. Kh1 Re6 50. Qd1 Nd4 51. Rb4 Re4 52. Rb6+ Kg5 53. Rxa6 Qf2 54. Ra1 Re2 55. Qc1+ Rd2 0-1

[Event "Berlin Eckbauer op 12th"]
[Site "Berlin"]
[Date "2009.09.28"]
[Round "3.18"]
[White "Adam, Horst Dieter"]
[Black "Koenig, Frank"]
[Result "0-1"]
[WhiteElo "1394"]
[BlackElo "1970"]
[PlyCount "48"]
[EventDate "2009.09.14"]
[EventType "swiss"]
[EventRounds "7"]
[EventCountry "GER"]
[SourceTitle "EXT 2022"]
[Source "ChessBase"]
[SourceDate "2021.10.06"]
[SourceVersion "1"]
[SourceVersionDate "2021.10.06"]
[SourceQuality "1"]

1. d4 Nf6 2. Nf3 g6 3. Bf4 c5 4. c3 cxd4 5. Nxd4 Nc6 6. Nxc6 bxc6 7. e3 Bg7 8. h3 0-0 9. Nd2 d5 10. Be2 Qb6 11. Qb3 Nd7 12. 0-0 e5 13. Bh2 Nc5 14. Qxb6 axb6 15. Rfc1 Re8 16. Nf3 Ba6 17. Bxa6 Rxa6 18. Rc2 Nb3 19. Nd2 Nxa1 20. Rc1 Rxa2 21. Rb1 Nc2 22. Nb3 Rea8 23. Kf1 c5 24. Ke2 Na3 0-1

[Event "Berlin Eckbauer op 11th"]
[Site "Berlin"]
[Date "2008.10.13"]
[Round "6.28"]
[White "Adam, Horst Dieter"]
[Black "Theilig, Reinhard"]
[Result "1-0"]
[WhiteElo "1456"]
[BlackElo "1543"]
[PlyCount "69"]
[EventDate "2008.09.08"]
[EventType "swiss"]
[EventRounds "6"]
[EventCountry "GER"]
[SourceTitle "EXT 2022"]
[Source "ChessBase"]
[SourceDate "2021.10.06"]
[SourceVersion "1"]
[SourceVersionDate "2021.10.06"]
[SourceQuality "1"]

1. d4 Nf6 2. Nf3 e6 3. Bf4 d5 4. e3 Nbd7 5. Nbd2 Be7 6. Bd3 0-0 7. h3 b6 8. 0-0 Bb7 9. Ne5 c5 10. c3 c4 11. Bc2 b5 12. a3 h6 13. Ndf3 Nb6 14. Qe2 Bd6 15. g4 g5 16. Bh2 Nh7 17. Nd2 Qc7 18. f4 Nd7 19. Nxd7 Qxd7 20. Nf3 f6 21. Rf2 a5 22. h4 Qe7 23. hxg5 hxg5 24. Bg3 Kg7 25. Rh2 Rh8 26. Qg2 Rag8 27. Kf2 Kf8 28. Rah1 Rg7 29. Rh6 gxf4 30. Bxf4 Bxf4 31. exf4 f5 32. Ne5 Qe8 33. Qh3 Ke7 34. gxf5 Rhg8 35. Rxe6+ 1-0

[Event "Berlin Eckbauer op 11th"]
[Site "Berlin"]
[Date "2008.10.06"]
[Round "5.31"]
[White "Lippianowski, Stefan"]
[Black "Adam, Horst Dieter"]
[Result "0-1"]
[WhiteElo "967"]
[BlackElo "1456"]
[PlyCount "72"]
[EventDate "2008.09.08"]
[EventType "swiss"]
[EventRounds "6"]
[EventCountry "GER"]
[SourceTitle "EXT 2022"]
[Source "ChessBase"]
[SourceDate "2021.10.06"]
[SourceVersion "1"]
[SourceVersionDate "2021.10.06"]
[SourceQuality "1"]

1. e4 e6 2. Nc3 d5 3. exd5 exd5 4. Qe2+ Ne7 5. Nxd5 Qxd5 6. Qb5+ Qxb5 7. Bxb5+ c6 8. Bc4 g6 9. Nf3 Bg7 10. Ng5 0-0 11. 0-0 h6 12. Ne4 Nd7 13. Nd6 Nb6 14. Bb3 Nf5 15. Ne4 Re8 16. d3 Be6 17. Bxe6 Rxe6 18. Nc5 Re7 19. c3 Rae8 20. Be3 Nd5 21. Rae1 Ndxe3 22. fxe3 Rxe3 23. Rxe3 Rxe3 24. d4 b6 25. Nb3 Re2 26. Rb1 Ne3 27. h3 Rxg2+ 28. Kh1 Re2 29. Nc1 Re1+ 30. Kh2 c5 31. Kg3 cxd4 32. Kf2 Rf1+ 33. Ke2 Rh1 34. cxd4 Bxd4 35. Kd3 Nf5 36. Kc4 Be3 0-1

[Event "Berlin op 09"]
[Site "Berlin"]
[Date "2005.09.05"]
[Round "1"]
[White "Adam, Horst Dieter"]
[Black "Kievelitz, Bernd"]
[Result "1/2-1/2"]
[WhiteElo "1515"]
[BlackElo "1934"]
[PlyCount "100"]
[EventDate "2005.09.05"]
[EventType "swiss"]
[EventRounds "7"]
[EventCountry "GER"]
[SourceTitle "EXT 2007"]
[Source "ChessBase"]
[SourceDate "2006.11.23"]
[SourceVersion "1"]
[SourceVersionDate "2006.11.23"]
[SourceQuality "1"]

1. d4 Nf6 2. Nf3 e6 3. Bf4 c5 4. e3 d5 5. Nbd2 Be7 6. c3 Nc6 7. Bd3 h6 8. h3 a6 9. 0-0 b6 10. Ne5 Bb7 11. Ndf3 Ne4 12. Nxc6 Bxc6 13. Ne5 Bb7 14. f3 Nd6 15. Qe2 0-0 16. Rae1 Bf6 17. Bb1 Bxe5 18. Bxe5 f5 19. Qf2 Qe7 20. Qg3 Rad8 21. Qg6 Nc4 22. Rf2 Nxe5 23. dxe5 Qf7 24. Qg3 Rd7 25. Rd1 Rfd8 26. Rfd2 g6 27. Qf2 Qg7 28. f4 g5 29. g3 Kh8 30. Kh2 gxf4 31. gxf4 Rg8 32. Rg1 Qxg1+ 33. Qxg1 Rxg1 34. Kxg1 Rg7+ 35. Kh2 Kg8 36. a3 Kf8 37. Bd3 h5 38. Rd1 h4 39. Rg1 Rxg1 40. Kxg1 Ke7 41. Kf2 Kd7 42. Be2 Kc6 43. b3 b5 44. b4 Kb6 45. Bh5 Bc6 46. Bf7 Bd7 47. Bh5 a5 48. Bf3 axb4 49. axb4 Be8 50. Ke2 Bf7 1/2-1/2